La reforma: historia de la civilización europea desde Wyclif a Calvino
محفوظ في:
| المؤلف الرئيسي: | |
|---|---|
| التنسيق: | كتاب |
| اللغة: | الإسبانية |
| منشور في: |
Buenos Aires, Argentina
Sudamericana
1960
|
| الموضوعات: | |
| الوسوم: |
إضافة وسم
لا توجد وسوم, كن أول من يضع وسما على هذه التسجيلة!
|
MARC
| LEADER | 00000nam a2200000 a 4500 | ||
|---|---|---|---|
| 001 | UCP4929 | ||
| 003 | CL-VaPUC | ||
| 005 | 20250103100355.0 | ||
| 008 | 990821e19600000AG |||||||||||||||||spa|d | ||
| 999 | |c 282819 |d 282817 | ||
| 040 | |c Pontificia Universidad Católica de Valparaíso | ||
| 082 | 0 | 4 | |a 940.23 DUR 1960 |2 21 |
| 100 | 0 | |a Durant, Will |e author |9 432979 | |
| 245 | 1 | 3 | |a La reforma: |b historia de la civilización europea desde Wyclif a Calvino |
| 260 | |a Buenos Aires, Argentina |b Sudamericana |c 1960 | ||
| 300 | |a 2 volúmenes | ||
| 583 | |a last modification |c 19990821 00:00:00 |k Rodrigo Vera | ||
| 600 | 0 | 7 | |a WYCLIF, JOHN |2 CL-VaPUC |9 432980 |
| 600 | 0 | |a Chaucer, Geoffrey |d ca. 1343-1400 |9 308260 | |
| 600 | 0 | 7 | |a ERASMO DE ROTTERDAM |2 CL-VaPUC |9 368153 |
| 600 | 0 | |a Calvino, Juan |9 346728 | |
| 600 | 0 | |a Moro, Tomás, |d 1478-1535 |q More, Thomas |9 455757 | |
| 600 | 0 | 7 | |a ENRIQUE VIII |2 CL-VaPUC |9 319326 |
| 600 | 0 | 7 | |a EDUARDO VI |2 CL-VaPUC |9 432981 |
| 600 | 0 | |a Lutero, Martín |d 1483-1546 |9 859309 | |
| 650 | 7 | |a HISTORIA DE EUROPA |2 CL-VaPUC |9 317298 | |
| 650 | 7 | |a HISTORIA ECLESIASTICA |2 CL-VaPUC |9 432983 |z EUROPA | |
| 650 | 0 | |a Iglesia Católica |z EUROPA |9 256114 | |
| 650 | 7 | |a REFORMAS RELIGIOSAS |2 CL-VaPUC |9 319527 |z EUROPA | |
| 650 | 0 | |a Protestantismo |z EUROPA |9 317293 | |
| 650 | 0 | |a Islamismo |z EUROPA |9 314084 | |
| 650 | 0 | |a Renacimiento |z EUROPA |9 255107 | |
| 650 | 0 | |a Arte renacentista |z EUROPA |9 264949 | |
| 852 | |a BIBCUR | ||
| 942 | |c BK |2 ddc | ||
| 945 | |d 19990821 00:00:00 |a crobeson | ||
| 952 | |0 0 |1 0 |2 ddc |4 0 |6 940_230000000000000_DUR_1960 |7 0 |8 A |9 325257 |a BIBHIS |b BIBHIS |d 2019-11-20 |h v.1 |i 1356429 |o 940.23 DUR 1960 |p 1356429 |r 2025-01-20 |t 1 |w 2019-11-20 |y BK |k HIS | ||
| 952 | |0 0 |1 0 |2 ddc |4 0 |6 940_230000000000000_DUR_1960 |7 0 |8 A |9 325258 |a BIBHIS |b BIBHIS |d 2019-11-20 |h v.2 |i 1356437 |o 940.23 DUR 1960 |p 1356437 |r 2025-01-20 |t 1 |w 2019-11-20 |y BK |k HIS | ||